| 000 | 00545nam a2200241Ia 4500 | ||
|---|---|---|---|
| 008 | 210210b2001 xxu||||| |||| 00| 0 eng d | ||
| 020 | _a8173712492 | ||
| 041 | _aeng | ||
| 082 | _a530 SIDF | ||
| 100 | _aSIDHARTH (B G) Ed | ||
| 245 | _aFrontiers of fundamental physics Vol 2 | ||
| 260 |
_aHyderabad _bUniversities Press _c2001 |
||
| 300 | _avi,204 | ||
| 440 | _a2 | ||
| 650 | _aVol | ||
| 650 | _aphysics | ||
| 650 | _aof | ||
| 650 | _afundamental | ||
| 650 | _aFrontiers | ||
| 650 | _a2 | ||
| 690 | _aPhysics | ||
| 906 | _a064205 | ||
| 999 |
_c140211 _d140211 |
||